[Event "Manhattan Open"]
[Site "New York USA"]
[Date "2011.08.19"]
[Round "5"]
[White "Kovalchuk,I"]
[Black "Coleman,T"]
[Result "1-0"]
[WhiteElo "2034"]
[BlackElo "2285"]

1.e4 c5 2.Nc3 e6 3.Nf3 a6 4.d4 cxd4 5.Nxd4 Qc7 6.Bd3 Nf6 7.O-O Bd6 8.h3 Nc6
9.Be3 h5 10.Be2 Bb4 11.Na4 Ne5 12.f4 Ng6 13.Nb3 b5 14.Nb6 Rb8 15.e5 Rxb6
16.exf6 Rd6 17.Qc1 gxf6 18.a3 Ba5 19.Nxa5 Qxa5 20.Bc5 Nh4 21.b4 Qc7 22.Qb2 Rg8
23.Rf2 Qc6 24.Bf1 Bb7 25.c4 Rg6 26.cxb5 axb5 27.Bxd6 Qxd6 28.Kh2 Qd5 29.Qd2 Qe4
30.Re1 Qc6 31.Rc1 Qa6 32.Rc7 Bd5 33.Qc3 Kf8 34.Rxd7 Kg7 35.Bd3 Rxg2+ 36.Rxg2+ Nxg2
37.Qc7 e5 38.Rxd5 Nxf4 39.Rd6 Qxa3 40.Qc2 h4 41.Qf2 Nxd3 42.Qxf6+  1-0

[Event "Recklinghaeuser Open"]
[Site "Recklinghausen GER"]
[Date "2011.08.19"]
[Round "5"]
[White "Kummerow,H"]
[Black "Fischoeder,H"]
[Result "1-0"]
[WhiteElo "2338"]
[BlackElo "1989"]

1.e4 c5 2.Nf3 e6 3.d4 cxd4 4.Nxd4 a6 5.Nc3 Qc7 6.Bd3 Nc6 7.Be3 Nf6 8.O-O b5
9.Nxc6 dxc6 10.f4 e5 11.f5 h5 12.Kh1 Bb7 13.Qf3 Bd6 14.a4 b4 15.Nb1 Ng4 16.Bg1 Nf6
17.a5 h4 18.Be3 Nh5 19.Nd2 Qe7 20.Rfd1 Bc5 21.Nb3 Bd6 22.Bc4 O-O-O 23.Rd2 c5
24.Bd5 c4 25.Bxb7+ Kxb7 26.Nc1 g5 27.Ne2 g4 28.Qxg4 Bc5 29.Rxd8  1-0

[Event "26th Universiade Women"]
[Site "Shenzhen CHN"]
[Date "2011.08.19"]
[Round "8"]
[White "Fuchs,Ju"]
[Black "Ambartsumova,K"]
[Result "1/2-1/2"]
[WhiteElo "2246"]
[BlackElo "2303"]

1.e4 c5 2.Nf3 e6 3.d4 cxd4 4.Nxd4 a6 5.Nc3 Qc7 6.Be2 Nf6 7.a3 b5 8.Be3 Bb7
9.Bf3 b4 10.axb4 Bxb4 11.Qd3 d6 12.O-O Bxc3 13.bxc3 Nbd7 14.Nb3 Ne5 15.Qd4 O-O
16.Bg5 Nxf3+ 17.gxf3 e5 18.Qd2 Nh5 19.Na5 Bc8 20.Rfd1 h6 21.Be3 Bh3 22.c4 Rfd8
23.Kh1 Qe7 24.Qe2 Qf6 25.Nb3 Rdc8 26.Nd2 a5 27.Rg1 Nf4 28.Bxf4 exf4 29.Qd3 a4
30.c3 Rc5 31.e5 Rxe5 32.Ne4 Qe6 33.Qd4 Ra6 34.c5 dxc5 35.Nxc5 Qc6 36.Ne4 Qd5
37.Rxa4 Qxd4 38.Rxd4 g5 39.c4 f5 40.Nd6 Kf8 41.Nb5 Ra2 42.Rd8+ Kg7 43.Rd7+ Kg6
44.Rd6+ Kg7 45.Rd7+ Kf8 46.Rd8+ Ke7 47.Rh8 Rxf2 48.Rxh6 g4 49.Nd4 Kf7 50.Rh5 Kf6
51.Rh6+ Kf7 52.Rh5 Ra5 53.fxg4 Bxg4 54.Rxg4 fxg4 55.Rxa5 f3 56.Kg1 Rg2+ 57.Kh1 Rd2
58.Nxf3 gxf3 59.Rf5+ Ke6 60.Rxf3 Rc2 61.Rf4 Ke5 62.Rh4 Kf5 63.Kg1 Kf6 64.h3 Ke5
65.Kf1 Kf5 66.Ke1 Rh2 67.Kd1 Ke5 68.Kc1 Rg2 69.Rg4 Rh2 70.Rh4 Rg2 71.c5 Rg5
72.Rg4 Rh5 73.h4 Ke6 74.Rg6+ Kd7 75.Kd2 Rxh4 76.Kc3 Kc7 77.Rd6 Rg4 78.Rd4 Rxd4
79.Kxd4 Kc6 80.Ke4  1/2-1/2

[Event "XVI Seahorse Open A"]
[Site "Rewal POL"]
[Date "2011.08.20"]
[Round "2.16"]
[White "Lapaj,M"]
[Black "Nguyen,P"]
[Result "0-1"]
[WhiteElo "2021"]
[BlackElo "2378"]

1.e4 c5 2.Nf3 e6 3.d4 cxd4 4.Nxd4 a6 5.Nc3 b5 6.Be2 Bb7 7.Bf3 d6 8.O-O Nd7
9.g3 Ngf6 10.Re1 Be7 11.Bg2 Qc7 12.f4 Nc5 13.a3 O-O 14.Nb3 Nxb3 15.cxb3 Rfd8
16.Be3 d5 17.exd5 Nxd5 18.Nxd5 Bxd5 19.Rc1 Qb7 20.Bxd5 Rxd5 21.Qc2 Bf6 22.Re2 Rad8
23.Qc6 Qxc6 24.Rxc6 R5d6 25.Rxd6 Rxd6 26.Rc2 h5 27.Kf2 Rd3 28.b4 Rb3 29.Bc1 Kh7
30.f5 exf5 31.Rc6 Bxb2 32.Bxb2 Rxb2+ 33.Kg1 Rb1+ 34.Kg2 Rb2+ 35.Kg1 f6 36.Rxa6 Kg6
37.h4 f4 38.gxf4 Kf5 39.Ra7 g6 40.Rb7 Kxf4 41.Rxb5 Kg3 42.Kf1 Kxh4 43.a4 Kg3
44.a5 Ra2 45.Rb6 g5 46.Rxf6 h4 47.a6 h3 48.b5 h2 49.Rh6 g4 50.Ke1 Kg2  0-1

[Event "Botvinnik 100th Open"]
[Site "St Petersburg RUS"]
[Date "2011.08.20"]
[Round "9"]
[White "Malakhov,I"]
[Black "Orlov,O2"]
[Result "0-1"]
[WhiteElo "2448"]
[BlackElo "2290"]

1.e4 c5 2.Nf3 e6 3.Nc3 a6 4.d4 cxd4 5.Nxd4 b5 6.Bd3 Qb6 7.Nf3 Qc7 8.O-O Bb7
9.Re1 Be7 10.e5 f5 11.Bf4 Nh6 12.Qd2 Bxf3 13.gxf3 g5 14.Be3 Nc6 15.Be2 f4
16.Bxf4 gxf4 17.Qxf4 Bg5  0-1

[Event "Botvinnik 100th Open"]
[Site "St Petersburg RUS"]
[Date "2011.08.20"]
[Round "9"]
[White "Babaev,D"]
[Black "Menkov,Aleksandr"]
[Result "0-1"]
[WhiteElo "1846"]
[BlackElo "2143"]

1.e4 c5 2.Nf3 e6 3.d4 cxd4 4.Nxd4 a6 5.Nc3 Qc7 6.a3 Nf6 7.Be3 b5 8.Bd3 Bb7
9.O-O b4 10.axb4 Bxb4 11.Na2 Bd6 12.f4 Nxe4 13.Qg4 O-O 14.Qh4 f5 15.Rf3 Rf6
16.Bxe4 Rh6 17.Bxb7 Rxh4 18.Bxa8 Bc5 19.c3 Qa7 20.Nxf5 Bxe3+ 21.Nxe3 Qxa8
22.Nb4 Qe4 23.Raf1 a5 24.Nbc2 Nc6 25.f5 Ne5 26.R3f2 Nd3 27.Rf3 Rf4 28.fxe6 dxe6
29.Nd4 Rxf3 30.Rxf3 Nxb2 31.Nb5 a4 32.Nd6 Qe5 33.Nf7 Qxc3  0-1

[Event "5th Zupanja Open"]
[Site "Zupanja CRO"]
[Date "2011.08.20"]
[Round "7.8"]
[White "Dulic,G"]
[Black "Runic,Z"]
[Result "1-0"]
[WhiteElo "2251"]
[BlackElo "2388"]

1.e4 c5 2.Nc3 e6 3.Nf3 a6 4.d4 cxd4 5.Nxd4 Qc7 6.Be3 b5 7.Qd2 Nf6 8.f3 b4
9.Na4 d5 10.e5 Ng8 11.Nb3 Nd7 12.Qf2 Qxe5 13.O-O-O Ngf6 14.g4 Qc7 15.g5 Nh5
16.f4 Bd6 17.f5 O-O 18.Kb1 Qc6 19.Be2 Qxa4 20.Bxh5 g6 21.Be2 gxf5 22.h4 Re8
23.h5 Nf8 24.Qh4 Qd7 25.Rdg1 Qe7 26.Qh3 f4 27.g6 h6 28.gxf7+ Kxf7 29.Bd4 e5
30.Qg2 Ke6 31.Qg4+ Kf6 32.Qxf4+ Bf5 33.Qxh6+  1-0

[Event "Trade Fair Open A"]
[Site "Brno CZE"]
[Date "2011.08.21"]
[Round "1"]
[White "Sladek,Vl"]
[Black "Bernasek,J"]
[Result "0-1"]
[WhiteElo "2000"]
[BlackElo "2469"]

1.e4 c5 2.Nf3 e6 3.d4 cxd4 4.Nxd4 a6 5.Nc3 b5 6.Bd3 d6 7.O-O Nf6 8.Bg5 Be7
9.Qe2 Qb6 10.Be3 Qc7 11.f4 Bb7 12.a3 Nbd7 13.f5 e5 14.Nb3 Nc5 15.Nd2 O-O
16.Rae1 Rfe8 17.g4 d5 18.exd5 Nxd5 19.Nxd5 Bxd5 20.f6 Bxf6 21.g5 Be7 22.b4 e4
23.bxc5 exd3 24.Qxd3 Bxc5 25.Qxd5 Rxe3 26.Kh1 Rd8 27.Qg2 Rxe1 28.Rxe1 Qa5
29.Nf3 Qxa3  0-1

[Event "Trade Fair Open A"]
[Site "Brno CZE"]
[Date "2011.08.21"]
[Round "2"]
[White "Pekar,V"]
[Black "Fojtik,T"]
[Result "1-0"]
[WhiteElo "2155"]
[BlackElo "2106"]

1.Nc3 e6 2.e4 c5 3.Nf3 a6 4.d4 cxd4 5.Nxd4 Qc7 6.Bd3 Nf6 7.O-O Be7 8.Kh1 b5
9.f4 d6 10.a4 b4 11.Na2 d5 12.e5 Ne4 13.Qe1 Qb6 14.Nb3 Nc5 15.Nxc5 Bxc5 16.a5 Qxa5
17.Bd2 Qb6 18.Bxb4 O-O 19.Qh4 g6 20.Bxc5 Qxc5 21.Rf3 Ra7 22.Rh3 h5 23.Rg3 Kg7
24.Qf6+ Kh7 25.Rg5 Kg8 26.Rxh5  1-0

[Event "12th Kolobrzeg Open"]
[Site "Kolobrzeg POL"]
[Date "2011.08.21"]
[Round "6.2"]
[White "Bukowska,K"]
[Black "Grabarczyk,B"]
[Result "1/2-1/2"]
[WhiteElo "2005"]
[BlackElo "2423"]

1.e4 c5 2.Nf3 e6 3.d4 cxd4 4.Nxd4 a6 5.Nc3 b5 6.Bd3 Qb6 7.Nf3 Nc6 8.O-O Qb8
9.Qe2 Bb7 10.Re1 Nb4 11.a3 Nxd3 12.cxd3 Ne7 13.Bg5 Ng6 14.Rac1 f6 15.Be3 Be7
16.d4 O-O 17.d5 e5 18.Nd2 f5 19.f3 fxe4 20.Ndxe4 Nf4 21.Qd2 d6 22.Bxf4 Rxf4
23.Ne2 Rf7 24.f4 exf4 25.Nxf4 Rf5 26.Ng3 Rf7 27.Ne4 Bh4 28.Rf1 Be7 29.Ne6 Rxf1+  1/2-1/2

[Event "Trade Fair Open A"]
[Site "Brno CZE"]
[Date "2011.08.22"]
[Round "3"]
[White "Paulik,Martin"]
[Black "Stastny,R"]
[Result "0-1"]
[WhiteElo "1616"]
[BlackElo "2012"]

1.e4 c5 2.Nf3 e6 3.d4 cxd4 4.Nxd4 a6 5.Nc3 b5 6.Bd3 Bb7 7.O-O Qc7 8.Be3 Nf6
9.f4 b4 10.e5 bxc3 11.exf6 cxb2 12.Rb1 gxf6 13.Qg4 Nc6 14.Nxc6 Qxc6 15.Rxb2 Bc5
16.Bxc5 Qxc5+ 17.Kh1 Bc6 18.Bxa6 h5 19.Qe2 Rg8 20.Rg1 Ke7 21.Bb5 Rab8 22.c4 Ba8
23.a4 h4 24.Qd3 h3 25.Qxh3 Rh8 26.Qg4 Rbg8 27.Qd1 Rxh2+ 28.Kxh2 Rh8+  0-1

[Event "3rd Senica Open"]
[Site "Senica SVK"]
[Date "2011.08.22"]
[Round "2.2"]
[White "Andreev,Ed UKR"]
[Black "Pribila,G"]
[Result "1-0"]
[WhiteElo "2458"]
[BlackElo "2036"]

1.e4 c5 2.Nf3 e6 3.d4 cxd4 4.Nxd4 a6 5.Nc3 Qc7 6.Bd3 Nf6 7.O-O Nc6 8.Nxc6 dxc6
9.f4 e5 10.Kh1 Bc5 11.Qf3 O-O 12.f5 b5 13.g4 Bb7 14.Bd2 Bd6 15.g5 Nd7 16.Qh5 g6
17.Qh6 Kh8 18.Rf3 Rg8 19.Raf1 Rg7 20.f6 Rgg8 21.Qxh7+  1-0

[Event "Trade Fair Open A"]
[Site "Brno CZE"]
[Date "2011.08.23"]
[Round "4"]
[White "Pekarkova,E"]
[Black "Fojtik,T"]
[Result "1/2-1/2"]
[WhiteElo "1980"]
[BlackElo "2106"]

1.e4 c5 2.Nf3 e6 3.d4 cxd4 4.Nxd4 a6 5.Nc3 Qc7 6.Be2 Nf6 7.Qd3 Be7 8.O-O b5
9.Bf3 Bb7 10.e5 Ng8 11.Bxb7  1/2-1/2

[Event "72nd ch-ARM 1st League"]
[Site "Kajaran ARM"]
[Date "2011.08.23"]
[Round "6"]
[White "Harutjunyan,G"]
[Black "Simonian,H"]
[Result "1/2-1/2"]
[WhiteElo "2464"]
[BlackElo "2461"]

1.e4 c5 2.Nf3 e6 3.d4 cxd4 4.Nxd4 a6 5.Nc3 b5 6.Bd3 Qb6 7.Nb3 Qc7 8.O-O Bb7
9.Be3 Nf6 10.f4 Be7 11.e5 Nd5 12.Nxd5 Bxd5 13.Qe2 Nc6 14.c3 g6 15.Nd2 f5
16.a4 Kf7 17.axb5 axb5 18.Bxb5 Na5 19.b4 Nb3 20.Nxb3 Bxb3 21.c4 Rhc8 22.Qb2 Rxa1
23.Qxa1 Qb7 24.Ba6 Qe4 25.Qd4 Qxd4 26.Bxd4 Ra8 27.b5 Bxc4 28.Rc1 Bd3 29.Rc3 Rxa6
30.bxa6 Bxa6 31.Bc5 Bd8 32.Ra3 Bb7 33.Rb3 Bc6 34.Rb8 Ba5 35.Bf8 Bc7 36.Rc8 Bb6+
37.Kh1 h5 38.Bh6 Bc5 39.Rh8 d6 40.Rh7+ Ke8 41.exd6 Bxd6 42.Rg7 h4 43.h3 e5
44.Rxg6 Kd7 45.fxe5 Bxe5 46.Bg5 f4 47.Bxh4 f3 48.gxf3 Bxf3+ 49.Kg1 Be4 50.Rg5 Ke6
51.Bg3 Bf6 52.Ra5 Kf7 53.Kh2 Kg6 54.Bf4 Bd3 55.Kg3 Be2 56.Rc5 Bd1 57.Rd5 Be2
58.Rd6 Kf5 59.Rc6 Bd1 60.Bb8 Be2 61.h4 Bd1 62.Rc5+ Kg6 63.Bf4 Be2 64.Bg5 Bg7
65.Rc6+ Kf5 66.Kf2 Bd1 67.Ke3 Bh5 68.Bd8 Bd1 69.Bb6 Bf6 70.Rc4 Bh5 71.Rf4+ Kg6
72.Bd4 Bg7 73.Rf2 Bxd4+ 74.Kxd4 Kh7 75.Ke5 Bg6 76.Kf6 Bd3 77.Rd2 Be4 78.Rd7+ Kg8
79.Kg5 Bb1 80.Kh6 Bc2 81.Rg7+ Kf8 82.Rc7 Bd3 83.Kg5 Kg8 84.Kf6 Be4 85.Rg7+ Kh8
86.Kf7 Bd3 87.Rg5 Bc2 88.Rh5+ Bh7 89.Re5 Bc2 90.Rc5 Bd3 91.Kf6 Kg8 92.h5 Kh8
93.Kg5 Kg8 94.Rc8+ Kg7 95.Rd8 Bc2 96.Rd2 Be4 97.h6+ Kh8 98.Kf6 Kh7 99.Rd7+ Kh8
100.Re7 Bc2 101.Re2 Bd3 102.Rh2 Kh7 103.Rd2 Be4 104.Kg5 Kg8 105.Rd8+ Kh7
106.Kf6 Bc2 107.Rc8 Bd3 108.Rc7+ Kh8 109.Re7 Bc2 110.Re8+ Kh7 111.Re2 Bd3
112.Rg2 Be4 113.Rg4 Bd3 114.Rd4 Bc2 115.Rd8 Be4 116.Rd6 Bc2 117.Ke5 Bg6 118.Kf6 Bc2
119.Rd4 Kh8 120.Rc4 Bd3 121.Rc3 Be4 122.h7 Kxh7 123.Rc7+ Kg8 124.Rg7+ Kh8
125.Kf7 Bd3 126.Kf8 Bc2 127.Rg2 Be4 128.Rh2+ Bh7 129.Ke7 Kg7 130.Rg2+ Kh8
131.Kf7 Bd3 132.Rd2 Be4 133.Rd8+ Kh7 134.Rd4 Bg6+ 135.Kf6 Bc2 136.Rd7+ Kh8
137.Kf7 Kh7 138.Rc7 Bd3 139.Rc3 Bg6+ 140.Kf6 Be4  1/2-1/2

[Event "11th Metropolitan Invitational"]
[Site "Los Angeles USA"]
[Date "2011.08.23"]
[Round "1"]
[White "Khachiyan,M"]
[Black "Ginsburg,M"]
[Result "1-0"]
[WhiteElo "2505"]
[BlackElo "2387"]

1.e4 c5 2.Nc3 a6 3.Nf3 e6 4.d4 cxd4 5.Nxd4 Qc7 6.Be2 Nf6 7.O-O d6 8.a4 b6
9.f4 Bb7 10.Bf3 Nbd7 11.Kh1 Be7 12.Qe2 Rc8 13.e5 Bxf3 14.Nxf3 dxe5 15.fxe5 Ng4
16.Qxa6 Qc4 17.Qxc4 Rxc4 18.a5 Bc5 19.axb6 O-O 20.Nd2 Rb4 21.Nde4 Bd4 22.Ra4 Rxa4
23.Nxa4 Nxb6 24.c3 Be3 25.Nxb6 Bxb6 26.Bf4 Bc7 27.Nd6 f6 28.Bg3 Ra8 29.h3 Nxe5
30.Bxe5 fxe5 31.Ne4 Ra2 32.Rb1 Bb6 33.g4 Kf7 34.Kg2 Kg6 35.Kf3 h5 36.Ke2 hxg4
37.hxg4 Ra8 38.Rd1 Rh8 39.Rd6 Rh2+ 40.Kd3 Rxb2 41.Rxe6+ Kf7 42.Ng5+ Kf8 43.Rxe5 Rg2
44.Re4 Rg3+ 45.Kc2 Ba5 46.c4 Bb4 47.c5 Rc3+ 48.Kb2 Rxc5 49.Ne6+ Kf7 50.Nd8+ Kf6
51.Rxb4 Rd5 52.Rf4+ Ke5 53.Rf8 Ke4 54.Ne6 g5 55.Kc3 Ra5 56.Kb4 Re5 57.Nc5+ Ke3
58.Kc4 Re7 59.Kd5 Rh7 60.Ke5 Rh4 61.Kf5  1-0

[Event "3rd Senica Open"]
[Site "Senica SVK"]
[Date "2011.08.23"]
[Round "3.6"]
[White "Hros,R"]
[Black "Banas,J"]
[Result "0-1"]
[WhiteElo "1917"]
[BlackElo "2320"]

1.e4 c5 2.Nf3 e6 3.d4 cxd4 4.Nxd4 a6 5.Nc3 b5 6.Be2 Bb7 7.Bf3 Qc7 8.O-O d6
9.a4 bxa4 10.Rxa4 Nd7 11.Re1 Ngf6 12.Nb3 Be7 13.Na5 Ne5 14.Re3 Nxf3+ 15.Qxf3 O-O
16.Qg3 Nxe4 17.Nxe4 Qxc2 18.Bd2 Bxe4 19.Raxe4 Qxd2 20.Nc4 Qb4 21.Rg4 g6 22.h4 Rac8
23.b3 Qc5 24.Qf4 d5 25.Ne5 Bd6 26.Qf6 Qc1+ 27.Kh2 Rc3 28.Rxc3 Qxc3 29.Rg5 Qd4
30.f4 Bxe5 31.Rxe5 Qb4 32.h5 Rb8 33.f5 Qf4+ 34.g3 Qd2+ 35.Kh3 exf5 36.Rxf5 Rf8
37.Rg5 h6 38.Rg4 Qc1 39.Qf3 g5 40.Rd4 Qc8+ 41.Kg2 Qe6 42.Rxd5 Rc8 43.Qd1 Qe4+
44.Kh3 Rc2 45.Rd8+ Kh7 46.Qd3 g4+  0-1

[Event "Brasschaat Masters"]
[Site "Brasschaat BEL"]
[Date "2011.08.25"]
[Round "6.1"]
[White "Dardha,A"]
[Black "Izsak,Gyu"]
[Result "0-1"]
[WhiteElo "2302"]
[BlackElo "2474"]

1.e4 c5 2.Nf3 e6 3.d4 cxd4 4.Nxd4 a6 5.Nc3 Qc7 6.Bd3 Nc6 7.Nxc6 bxc6 8.O-O Nf6
9.Qf3 Be7 10.Re1 e5 11.Qg3 O-O 12.Bh6 Ne8 13.Rad1 d6 14.Be3 Nf6 15.Bh6 Ng4
16.Bc1 Qd8 17.Qf3 Be6 18.h3 Nf6 19.Qe2 Qb6 20.Na4 Qb7 21.b3 Rfd8 22.Ba3 h6
23.Qe3 Nd7 24.Bc4 Qc7 25.Qc3 Bxc4 26.bxc4 c5 27.Bc1 Qc6 28.Nb2 Nf6 29.Qf3 Rab8
30.Rd3 Rb4 31.a3 Rb7 32.Nd1 Kf8 33.Nc3 Qd7 34.g4 Qe6 35.g5 hxg5 36.Bxg5 Ng8
37.Bxe7+ Nxe7 38.Red1 Rb6 39.Nd5 Nxd5 40.Rxd5 Ke7 41.Qg3 Rh8 42.Qg5+ Qf6
43.Qxf6+ gxf6 44.Kg2 Rh4 45.f3 f5 46.Kg3 Rf4 47.Re1 Rb8 48.Rd3 Rg8+ 49.Kf2 Rh8
50.Kg3 Rfh4 51.exf5 Rxh3+ 52.Kf2 Rh2+ 53.Kg3 Rxc2 54.f6+ Ke6 55.f4 Rch2 56.Rf3 Kf5  0-1

[Event "72nd ch-ARM 1st League"]
[Site "Kajaran ARM"]
[Date "2011.08.25"]
[Round "7"]
[White "Petrosian,DG"]
[Black "Hayrapetian,O"]
[Result "1/2-1/2"]
[WhiteElo "2478"]
[BlackElo "2406"]

1.e4 c5 2.Nf3 e6 3.Nc3 a6 4.d4 cxd4 5.Nxd4 Qc7 6.Qf3 Nc6 7.Nxc6 bxc6 8.Qg3 Qxg3
9.hxg3 d5 10.Bd2 Nf6 11.Bd3 Bc5 12.Ke2 e5 13.f3 Be6 14.g4 dxe4 15.Nxe4 Nxe4
16.Bxe4 Bc4+ 17.Bd3 Bxd3+ 18.Kxd3 O-O-O+ 19.Ke2 h6 20.Rad1 Rhe8 21.Be3 Bxe3
22.Kxe3 Kc7 23.Rxd8 Rxd8 24.Ke2 f6 25.Rd1 Rxd1 26.Kxd1 g6 27.Kd2 Kd6 28.Kd3 c5
29.Kc4 f5 30.gxf5 gxf5 31.c3 h5 32.b4 cxb4 33.cxb4 h4 34.a4 Kc6 35.Kc3 Kd6
36.Kc4 Kc6 37.Kc3 Kd6 38.Kc4  1/2-1/2

[Event "23rd Porto San Giorgio Open"]
[Site "Porto San Giorgio ITA"]
[Date "2011.08.27"]
[Round "8"]
[White "Saptarshi,R"]
[Black "Bruno,Fabi"]
[Result "1-0"]
[WhiteElo "2385"]
[BlackElo "2466"]

1.e4 c5 2.Nf3 e6 3.d4 cxd4 4.Nxd4 a6 5.Nc3 Qc7 6.g3 Nf6 7.Bg2 d6 8.O-O Be7
9.a4 O-O 10.f4 Nc6 11.Nb3 b6 12.g4 h6 13.g5 hxg5 14.fxg5 Nh7 15.Qh5 Ne5 16.Bf4 g6
17.Qh6 Bb7 18.Bh3 Rfe8 19.Rf2 Qd8 20.Bxe6 Bf8 21.Bxf7+ Nxf7 22.Qxg6+ Bg7
23.h4 Nf8 24.Qh5 Nh8 25.Rd1 Re6 26.Nd4 Bxd4 27.Rxd4 Qe7 28.Qd1 Nf7 29.h5 Ne5
30.Nd5 Qg7 31.Ne3 Rf6 32.Ng2 Rf7 33.Rxd6 Nc4 34.h6 Qh7 35.Rd4 Nxb2 36.Qe2 Ne6
37.Rb4 Raf8 38.Qg4 Nxf4 39.Nxf4 Bc8 40.Qg3 Rd7 41.Qb3+ Qf7 42.h7+  1-0

[Event "XVI Seahorse Open A"]
[Site "Rewal POL"]
[Date "2011.08.28"]
[Round "9.21"]
[White "Kubit,T"]
[Black "Kasperek,J"]
[Result "1/2-1/2"]
[WhiteElo "2178"]
[BlackElo "2025"]

1.e4 c5 2.Nf3 e6 3.d4 cxd4 4.Nxd4 a6 5.Nc3 b5 6.a3 d6 7.g3 Bb7 8.Bg2 Nf6
9.O-O Qc7 10.Be3 Nbd7 11.Qe2 Be7 12.Rad1 O-O 13.Bc1 Rac8 14.g4 Ne5 15.g5 Nfd7
16.f4 Nc6 17.Nb3 b4 18.axb4 Nxb4 19.Kh1 Rfe8 20.Rf2 Ba8 21.Rdf1 Qc4 22.Qxc4 Rxc4  1/2-1/2

[Event "10th Sunny Beach Open"]
[Site "Sunny Beach BUL"]
[Date "2011.08.29"]
[Round "3.10"]
[White "Bonev,T"]
[Black "Enchev,I"]
[Result "0-1"]
[WhiteElo "2300"]
[BlackElo "2435"]

1.e4 c5 2.Nf3 e6 3.d4 cxd4 4.Nxd4 a6 5.Nc3 Qc7 6.Be2 Nf6 7.O-O Bb4 8.Qd3 Nc6
9.a3 Bxc3 10.bxc3 Ne5 11.Qg3 O-O 12.Bh6 Ne8 13.a4 d6 14.Bd2 Nf6 15.Bd3 Kh8
16.f4 Nc4 17.Bc1 d5 18.e5 Ne4 19.Bxe4 dxe4 20.Qe1 b6 21.Qxe4 Bb7 22.Qe2 Rac8
23.f5 Qxe5 24.Qxe5 Nxe5 25.fxe6 fxe6 26.Rxf8+ Rxf8 27.Ba3 Re8 28.Re1 Nc4
29.Bc1 e5 30.Nf5 Bc6 31.Ne3 Na5 32.c4 Bxa4 33.Bd2 Nc6 34.Ra1 b5 35.cxb5 axb5
36.c4 Nd4 37.cxb5 Bxb5 38.Ra7 h6 39.h3 Rd8 40.Ba5 Ne2+ 41.Kh2 Rd3 42.Nf5 Bd7
43.Nh4 Kh7 44.Nf3 Rd5 45.Bc7 e4 46.Ne5 Be6 47.Ra4 Nc3 48.Ra6 Bc8 49.Ra8 Bf5
50.Rf8 e3 51.Nc4 e2 52.Bg3 Ne4 53.Re8 Rd1 54.Ne3 Rh1+  0-1

[Event "10th Sunny Beach Open"]
[Site "Sunny Beach BUL"]
[Date "2011.08.29"]
[Round "3.50"]
[White "Savov,Zheljazko"]
[Black "Bagdasarov,V"]
[Result "0-1"]
[WhiteElo "1941"]
[BlackElo "2158"]

1.e4 c5 2.Nf3 e6 3.d4 cxd4 4.Nxd4 a6 5.Nc3 Qc7 6.Be2 Bb4 7.Bd2 Nf6 8.Bf3 Nc6
9.Nxc6 dxc6 10.O-O Bd6 11.h3 b5 12.Re1 Bb7 13.Qe2 Be5 14.Bg5 h6 15.Bxf6 gxf6
16.Rad1 Ke7 17.Rd3 c5 18.Nd5+ exd5 19.exd5 Qd6 20.Qe4 Rae8 21.Kf1 Kd8 22.Qf5 Bxb2
23.Re6 fxe6 24.dxe6 Bd4 25.Bxb7 Qxe6 26.Qxe6 Rxe6 27.c3 Kc7 28.Bd5 Rd6  0-1

[Event "72nd ch-ARM 1st League"]
[Site "Kajaran ARM"]
[Date "2011.08.30"]
[Round "12"]
[White "Harutjunyan,G"]
[Black "Hayrapetian,O"]
[Result "1-0"]
[WhiteElo "2464"]
[BlackElo "2406"]

1.e4 c5 2.Nf3 e6 3.d4 cxd4 4.Nxd4 a6 5.Nc3 Qc7 6.Bd3 Nc6 7.Nxc6 dxc6 8.O-O Nf6
9.Kh1 e5 10.f4 Bc5 11.Qf3 h5 12.f5 h4 13.Bg5 b5 14.Nd1 Bb7 15.a4 O-O-O 16.Nf2 Bxf2
17.Rxf2 h3 18.Bd2 Rd4 19.Bc3 hxg2+ 20.Rxg2 c5 21.Bxd4 exd4 22.axb5 axb5 23.b3 c4
24.bxc4 bxc4 25.Kg1 cxd3 26.cxd3 Kd7 27.Qf2 Qc3 28.Qa2 Ke8 29.Qb1 Bc8 30.Rc2  1-0

[Event "TCh-SRB Premier Men"]
[Site "Valjevo SRB"]
[Date "2011.08.30"]
[Round "4.2"]
[White "Brenjo,S"]
[Black "Cabrilo,G"]
[Result "1/2-1/2"]
[WhiteElo "2524"]
[BlackElo "2454"]

1.e4 c5 2.Nf3 e6 3.d4 cxd4 4.Nxd4 a6 5.Nc3 Qc7 6.f4 b5 7.Bd3 Bb7 8.Qe2 Nc6
9.Nxc6 Bxc6 10.O-O Nf6 11.Kh1 b4 12.Nb1 Qb7 13.Nd2 d5 14.exd5 Bxd5 15.f5 Be7
16.fxe6 fxe6 17.b3 O-O 18.Bb2 a5 19.Rae1 a4 20.Nc4 axb3 21.axb3 Bc5 22.Be5 Ne4
23.Bxe4 Bxe4 24.Bd6 Rxf1+ 25.Rxf1 Bd4 26.Bxb4 Bd5 27.c3 Bf6 28.Nd6 Qd7 29.c4 Bc6
30.Rd1 h6 31.Be1 Ra1 32.Rxa1 Bxa1 33.c5 Bd5 34.b4 Qa4 35.b5 Bd4 36.c6 Qa7
37.Ne4 e5 38.Nd2 Qc5 39.h3 Qc2 40.Bf2 Bc3 41.Be3 Ba5 42.Qf2 Qd3 43.Nf3 Qxb5
44.Nxe5 Bc7 45.Bf4  1/2-1/2

[Event "10th Sunny Beach Open"]
[Site "Sunny Beach BUL"]
[Date "2011.08.31"]
[Round "5.10"]
[White "Bonev,T"]
[Black "Mishuchkov,N"]
[Result "0-1"]
[WhiteElo "2300"]
[BlackElo "2415"]

1.e4 c5 2.Nf3 e6 3.d4 cxd4 4.Nxd4 a6 5.Nc3 Qc7 6.Be2 b5 7.O-O Bb7 8.f4 Nf6
9.e5 Ne4 10.Nxe4 Bxe4 11.Be3 Nc6 12.Rc1 Bc5 13.Bf3 Bxf3 14.Qxf3 Rc8 15.Nxc6 Qxc6
16.Bxc5 Qxf3 17.Rxf3 Rxc5 18.Rd3 d5 19.exd6 Kd7 20.c3 Rd5 21.Rxd5 exd5 22.a4 Rb8
23.b4 bxa4 24.Ra1 d4 25.cxd4 a3 26.Kf2 Kxd6 27.Ke3 Kd5  0-1

[Event "TCh-SRB Premier Men"]
[Site "Valjevo SRB"]
[Date "2011.08.31"]
[Round "5.1"]
[White "Radivojevic,I"]
[Black "Farkas,Ti"]
[Result "1/2-1/2"]
[WhiteElo "2363"]
[BlackElo "2260"]

1.e4 c5 2.Nf3 e6 3.d4 cxd4 4.Nxd4 a6 5.Nc3 Qc7 6.g3 Bb4 7.Ne2 Nf6 8.Bg2 Be7
9.O-O d6 10.a4 Nc6 11.h3 h5 12.Be3  1/2-1/2

[Event "10th Izmir Open"]
[Site "Izmir TUR"]
[Date "2011.09.01"]
[Round "1"]
[White "Kadiroglu,Ekinsu"]
[Black "Tissir,M"]
[Result "0-1"]
[WhiteElo "1442"]
[BlackElo "2454"]

1.e4 c5 2.Nf3 e6 3.d4 cxd4 4.Nxd4 a6 5.Nc3 Qc7 6.a3 Nf6 7.Bd3 b5 8.O-O Bb7
9.Re1 Bc5 10.Be3 d6 11.Qf3 Nbd7 12.Qg3 O-O 13.Bh6 Nh5 14.Qg5 Bxd4 15.Qxh5 gxh6
16.Qxh6 Bg7 17.Qh3 Ne5 18.Re3 Rad8 19.Rg3 f5 20.Qh6 Qe7 21.exf5 Nxd3 22.Qxe6+ Qxe6
23.fxe6 Rde8 24.Rxd3 Rxe6 25.Rad1 Rfe8 26.f3 Re1+ 27.Rxe1 Rxe1+ 28.Kf2 Rc1
29.Ke3 Rxc2 30.Rxd6 Bf8 31.Rd8 Rxb2 32.Rb8 b4 33.axb4 Rxb4 34.Nd5 Bxd5 35.Rxb4 Bxb4
36.Kd4 Bb3 37.Kd3 a5  0-1

[Event "10th Sunny Beach Open"]
[Site "Sunny Beach BUL"]
[Date "2011.09.01"]
[Round "6.49"]
[White "Savov,Zheljazko"]
[Black "Kuznetsov,Mar"]
[Result "0-1"]
[WhiteElo "1941"]
[BlackElo "2184"]

1.e4 c5 2.Nf3 e6 3.d4 cxd4 4.Nxd4 a6 5.Nc3 Qc7 6.Be2 b5 7.Bf3 Bb7 8.O-O d6
9.Bg5 Nd7 10.Re1 Ngf6 11.Bxf6 Nxf6 12.Qe2 Be7 13.e5 dxe5 14.Ndxb5 Qb8 15.Na3 O-O
16.Nc4 Rc8 17.Ne4 Nd5 18.Ned2 Bf6 19.g3 a5 20.Rad1 Ba6 21.Qe4 Ra7 22.Ne3 Rd7
23.Qa4 Bb5 24.Qxa5 Ra7  0-1

[Event "10th Sunny Beach Open"]
[Site "Sunny Beach BUL"]
[Date "2011.09.02"]
[Round "7.18"]
[White "Pancevski,F"]
[Black "Bagdasarov,V"]
[Result "0-1"]
[WhiteElo "2410"]
[BlackElo "2158"]

1.e4 c5 2.Ne2 e6 3.Nbc3 a6 4.d4 cxd4 5.Nxd4 Qc7 6.g3 Nf6 7.Bg2 Nc6 8.O-O Nxd4
9.Qxd4 Bc5 10.Bf4 d6 11.Qd3 Nd7 12.Na4 e5 13.Bd2 Bd4 14.Nc3 Nf6 15.Ne2 Bc5
16.Bg5 Be6 17.Bxf6 gxf6 18.Qd2 h5 19.h4 O-O-O 20.Nc1 Rhg8 21.Kh2 Kb8 22.c3 Bc4
23.Ne2 f5 24.exf5 d5 25.b3 Bxe2 26.Qxe2 e4 27.Kh1 e3 28.fxe3 Rxg3 29.Rf3 Rdg8
30.Rxg3 Qxg3 31.Qf3 Qxh4+ 32.Qh3 Qf6 33.Qf3 Qxc3 34.Rd1 Qb4 35.Qf4+ Qxf4
36.exf4 d4 37.b4 Bb6 38.Bd5 Rg7 39.Re1 f6 40.Bc4 Rc7 41.Bb3 d3 42.Re8+ Ka7
43.Kg2 d2 44.Kf3 Rc1 45.Re6 d1=Q+ 46.Bxd1 Rxd1  0-1

[Event "TCh-SRB Premier Women"]
[Site "Valjevo SRB"]
[Date "2011.09.02"]
[Round "7.2"]
[White "Panic,A"]
[Black "Bojkovic,N"]
[Result "0-1"]
[WhiteElo "1888"]
[BlackElo "2378"]

1.e4 c5 2.Nf3 e6 3.d4 cxd4 4.Nxd4 a6 5.Nc3 b5 6.Bd3 Bc5 7.Be3 Qb6 8.Nce2 Nf6
9.c3 Ng4 10.Qd2 Nxe3 11.Qxe3 Nc6 12.e5 Bb7 13.O-O Rc8 14.Qg5 g6 15.Qf6 O-O
16.Nxc6 Qxc6 17.Nf4 Rfe8 18.Qg5 Be7 19.Qg3 Kh8 20.Rfe1 Bf8 21.Qh3 Kg8 22.Be4 Qb6
23.Bc2 Rc4 24.Qg3 Bg7 25.h4 Qc6 26.Ne2 Bf8  0-1

[Event "3rd Julio Bolbochan Mem"]
[Site "Banfield ARG"]
[Date "2011.09.03"]
[Round "6.5"]
[White "Villanueva,Mar"]
[Black "Saldano Dayer,H"]
[Result "1-0"]
[WhiteElo "2378"]
[BlackElo "2428"]

1.e4 c5 2.Nf3 e6 3.d4 cxd4 4.Nxd4 a6 5.Nc3 Qc7 6.f4 b5 7.Bd3 Bb7 8.O-O Nf6
9.a3 d6 10.Be3 Nbd7 11.Nb3 Be7 12.Qe1 O-O 13.Qh4 Rfe8 14.Qh3 Bf8 15.Rae1 e5
16.fxe5 dxe5 17.g4 Nc5 18.Nxc5 Bxc5 19.g5 Nd7 20.Rf2 Re7 21.Qg3 Nf8 22.Nd5 Bxd5
23.exd5 Rae8 24.h4 Qd6 25.Bxc5 Qxc5 26.Qf3 Rd8 27.Be4 Qb6 28.Kh1 Qd6 29.h5 Nd7
30.b4 g6 31.Ref1 Rf8 32.Qg4 f5 33.gxf6 Rxf6 34.hxg6 h6 35.Qh4 Kg7 36.Kg1 Re8
37.Bf5 Rh8 38.Bxd7 Rxg6+ 39.Bg4 h5 40.Rf7+ Kg8 41.R7f6 Qxf6 42.Rxf6 Rxg4+
43.Qxg4+ hxg4 44.Rxa6 Rh3 45.a4 bxa4 46.b5 Rg3+ 47.Kf1 Rf3+ 48.Ke2 Rf4 49.c3 Kg7
50.b6 g3 51.b7 Rf2+ 52.Kd3 Rb2 53.Rxa4 Rxb7 54.Rg4+ Kf6 55.Rxg3 Rb1 56.Ke4 Re1+
57.Re3 Rc1 58.Rf3+ Ke7 59.Kxe5 Re1+ 60.Kd4 Kd6 61.Rf6+ Kc7 62.Kc5 Kd7 63.Rf7+ Kd8
64.c4 Rc1 65.Kd6 Ke8 66.Rc7 Kd8 67.Rh7 Kc8 68.c5 Rg1 69.Rh8+ Kb7 70.c6+ Kb6
71.Rb8+ Ka7 72.c7 Rg6+ 73.Kc5 Rg5 74.Ra8+  1-0